Medaliści mistrzostw świata - Statystyki

Ogólne statystyki
  • Ten quiz został rozwiązany 124 razy
  • Średni wynik to 6 z 12
Answers on the Grid
Answers color-coded by a green-red scale on the quiz's grid according to % correct below.
Urugwaj 1930
Czechosłowacja 1934
Kuba 1938
Brazylia 1950
Szkocja 1954
RFN 1958
Chile 1962
Anglia 1966
Włochy 1970
Polska 1974
Tunezja 1978
Francja 1982
Meksyk 1986
Kolumbia 1990
USA 1994
Francja 1998
Turcja 2002
Włochy 2006
Holandia 2010
Brazylia 2014
Anglia 2018
Chorwacja 2022
 
Statystyki odpowiedzi
Odpowiedź % Poprawnych
Urugwaj 1930
89%
Brazylia 1950
74%
Anglia 1966
60%
Polska 1974
60%
Chorwacja 2022
53%
Holandia 2010
53%
Włochy 2006
53%
Francja 1998
49%
Turcja 2002
43%
Włochy 1970
40%
Chile 1962
34%
Czechosłowacja 1934
34%
Nie znaleziono quizów pasujących do podanych kryteriów
Rozkład punktacji
Procent ludzi z każdym wynikiem
Percentyl według liczby udzielonych odpowiedzi
Twoja historia wyników
Nie rozwiązałeś tego quizu